Southville International School and Colleges
Your cart is empty.
  • Cart
  • Lists
    Public lists Eva Luna New books Lux_list list_1
    Your lists Log in to create your own lists
  • Log in to your account
  • Your cookies
  • Search history
Southville International School and Colleges
  • Advanced search
  • Recent comments
  • Most popular
  • Libraries

Log in to your account

Log in with GOOGLE


If you do not have an external account, but do have a local account, you can still log in:

  1. Home
  2. MARC view: I show respect! /
Normal view MARC view ISBD view

I show respect! / (Record no. 105440)

[ view plain ]
MARC details
000 -LEADER
fixed length control field 00765nam a2200193 a 4500
005 - DATE AND TIME OF LATEST TRANSACTION
control field 20140412111359.0
008 - FIXED-LENGTH DATA ELEMENTS--GENERAL INFORMATION
fixed length control field 060126s19uu xx 00 eng d
020 ## - INTERNATIONAL STANDARD BOOK NUMBER
International Standard Book Number 0-439-62809-1
050 ## - LIBRARY OF CONGRESS CALL NUMBER
Classification number TR(PS E
Item number Is3 2004
100 ## - MAIN ENTRY--PERSONAL NAME
Personal name Parker, David
245 ## - TITLE STATEMENT
Title I show respect! /
Statement of responsibility, etc by David Parker ; illustrated by Gioia Fiammenghi.
260 ## - PUBLICATION, DISTRIBUTION, ETC. (IMPRINT)
Place of publication, distribution, etc New York :
Name of publisher, distributor, etc Scholastic Inc,
Date of publication, distribution, etc 2004.
300 ## - PHYSICAL DESCRIPTION
Extent 1 v. (unp.) ; ill.
440 ## - SERIES STATEMENT/ADDED ENTRY--TITLE
Title The Best I Can Be
520 ## - SUMMARY, ETC.
Summary, etc Respect is a very difficult concept to explain to children. They need to learn some behavior associated with it. The goal here through repetition to teach., review, reinforce some behaviors of respect.
650 ## - SUBJECT ADDED ENTRY--TOPICAL TERM
Topical term or geographic name as entry element Respectfulness
General subdivision Fiction
650 ## - SUBJECT ADDED ENTRY--TOPICAL TERM
Topical term or geographic name as entry element Behavior
General subdivision Children stories
Holdings
Withdrawn status Lost status Damaged status Use restrictions Home library Current library Shelving location Date acquired Source of acquisition Cost, normal purchase price Total Checkouts Full call number Barcode Date last seen Price effective from Koha item type
        Elizalde Library Elizalde Library Teachers Reference Section 01/26/2006   95.00   TR(PS E Is3 2004 E10143 04/12/2014 04/12/2014 Books

I show respect! /

APA

Parker D., . (2004). I show respect!. New York: Scholastic Inc.

Chicago

Parker David, . 2004. I show respect!. New York: Scholastic Inc.

Harvard

Parker D., . (2004). I show respect!. New York: Scholastic Inc.

MLA

Parker David, . I show respect!. New York: Scholastic Inc. 2004.

  • Place hold
  • Print
  • Cite
  • Add to your cart (remove)
  • Save record
    BIBTEX Dublin Core MARCXML MARC (non-Unicode/MARC-8) MARC (Unicode/UTF-8) MARC (Unicode/UTF-8, Standard) MODS (XML) RIS
  • More searches
    Search for this title in:
    Other Libraries (WorldCat) Other Databases (Google Scholar) Online Stores (Bookfinder.com) Open Library (openlibrary.org)

Exporting to Dublin Core...

SOUTHVILLE LIBRARY

Southville International School and Colleges Library

1281 Tropical Ave. Cor. Luxembourg St., BF Homes International, Las Pinas City

Tel. No. 8256374 / 252358 Loc. 117/146

Powered by Koha